000 00296nam a22001217a 4500
008 180425b xxu||||| |||| 00| 0 eng d
041 _aeng
080 _a043.3
100 _a0
101 _aSHKI-BTH
245 _aAdopting web framework in Web-Application development
_cJahaj,A
942 _2udc
_cBK
999 _c45527
_d45527